| 000 | 00425 a2200169 4500 | ||
|---|---|---|---|
| 003 | Nust | ||
| 005 | 20230201123209.0 | ||
| 040 | _cNust | ||
| 082 | _a940.5,SHU | ||
| 100 |
_aMilton Shulman _9108364 |
||
| 245 | _aDefeat in the west / | ||
| 260 |
_aLondon _bSecker _c1951 |
||
| 300 | _a282 | ||
| 505 | _aThe Road To Defeat (Page-1), Defeat In The West (Page-88). | ||
| 650 |
_aDefeat in the west _9106444 |
||
| 942 |
_2ddc _cBK |
||
| 999 |
_c187095 _d187095 |
||